LEADER 01220nam a2200265 i 4500 001 000000146907 003 CaOOAMICUS 005 20060210000000.0 008 060210s2005 it u000 u ita u 013 $a123841 020 $a88-14-11998-8 040 $aSeMil$bita 100 1 $aLicastro, Angelo.$0(OLS)http://semarc/name/58391 245 12$aI ministri di culto nell'ordinamento giuridico italiano /$cAngelo Licastro. 260 $aMilano :$bGiuffrè,$c2005. 300 $a745 p. ;$c24 cm. 490 0 $aPubblicazioni della Facoltà di giurisprudenza della Università di Messina ;$v224 650 4$aMinistri del culto - Diritto - Italia.$0(OLS)http://semarc/subject/28734 830 0$aPubblicazioni della Facoltà di giurisprudenza della Università di Messina ;$v224.$0(OLS)http://semarc/title/20376 850 $aSeMil 852 $aSeMil$W1$xVenegono$y1$m2H III 104$j99520$B99520$CSeMilBibl$Z2$F107978 $81 961 $aAcquisto: IBS - Internet Bookshop Italia 996 $6020$a88-14-11998-8$9(OLS)http://semarc/number/135533 996 $6245$aI ministri di culto nell'ordinamento giuridico italiano$9(OLS)http://semarc/title/214837 996 $6260$aMilano :$bGiuffrè$9(OLS)http://semarc/publisher/29926 LEADER 00964nam a2200229 i 4500 001 000000061932 003 CaOOAMICUS 005 20070928000000.0 008 070928s1997 it u000 u ita u 013 $a33104 040 $aSeMil$bita 100 1 $aTozzi, Federigo,$d<1883-1920>.$0(OLS)http://semarc/name/1182 245 10$aAdele :$bframmenti di un romanzo /$cFederigo Tozzi ; a cura di Glauco Tozzi ; prefazione di Carlo Cassola. 260 $aFirenze :$bVallecchi,$ccopyr. 1997. 300 $aXVII, 96 p. ;$c23 cm. 700 1 $aCassola, Carlo <1917-1986>.$0(OLS)http://semarc/name/18522 700 1 $aTozzi, Glauco.$0(OLS)http://semarc/name/1217 850 $aSeMil 852 $aSeMil$W1$xVenegono$y1$m1A III 47$j245732$B28085$CSeMilBibl$Z2$F28088 $81 961 $aOmaggio: Ghiringhelli prof. Livio 996 $6245$aAdele :$bframmenti di un romanzo$9(OLS)http://semarc/title/97440 996 $6260$aFirenze :$bVallecchi$9(OLS)http://semarc/publisher/29768